UBT Library

PRINCIPLES OF INTERNAL MEDICINE (Record no. 38884)

000 -LEADER
fixed length control field 00278nam a22001217a 4500
008 - FIXED-LENGTH DATA ELEMENTS--GENERAL INFORMATION
fixed length control field 171213b xxu||||| |||| 00| 0 eng d
041 ## - LANGUAGE CODE
Language code of text/sound track or separate title eng
080 ## - UNIVERSAL DECIMAL CLASSIFICATION NUMBER
Edition identifier 10 ED
Universal Decimal Classification number 61
100 ## - Rafti
Rafti 2
101 ## - Shkurtesa
Shkurtesa MJE
245 ## - TITLE STATEMENT
Title PRINCIPLES OF INTERNAL MEDICINE
Statement of responsibility, etc KASPER.H
942 ## - ADDED ENTRY ELEMENTS (KOHA)
Source of classification or shelving scheme
Item type Books

No items available.

UBT Library © 2015-2024. All rights reserved University Education for Business and Technology